Normal view
MARC view
- MCKEAN, RONALD N,HITCH, CHARLES J
Entry Personal Name
001 - CONTROL NUMBER
- control field: 76412
003 - CONTROL NUMBER IDENTIFIER
- control field: NUST
005 - DATE AND TIME OF LATEST TRANSACTION
- control field: 20210628205636.0
008 - FIXED-LENGTH DATA ELEMENTS
- fixed length control field: 210628|| aca||aabn | a|a d
040 ## - CATALOGING SOURCE
- Original cataloging agency: NUST
- Transcribing agency: NUST
100 ## - HEADING--PERSONAL NAME
- Personal name: MCKEAN, RONALD N,HITCH, CHARLES J
670 ## - SOURCE DATA FOUND
- Source citation: Work cat.: (NUST): MCKEAN, RONALD N,HITCH, CHARLES J, THE ECONOMICS OF DEFENCE IN THE NUCLEAR AGE, 1974
